Teoría y praxis: estudios de filosofía social /

Tallennettuna:
Bibliografiset tiedot
Päätekijä: Habermas, Jürgen
Muut tekijät: Mas Torres, Salvador tr Moya Espí, Carlos tr
Aineistotyyppi: Teksti
Julkaistu: Madrid: Tecnos
Painos:4
Tagit: Lisää tagi
Ei tageja, Lisää ensimmäinen tagi!

MARC

LEADER 00000 a a2200000 04500
001 31287
003
040
020 |a 84-309-1423-4  
090 |a 197900  
100 |a Habermas, Jürgen  
245 |a Teoría y praxis: estudios de filosofía social /  |c Jürgen Habermas 
250 |a 4  
260 |a Madrid:   |b Tecnos  
300 |a 439 p.  
500 |a Título original: Theorie und Praxis  
700 |a Mas Torres, Salvador   |a tr   |a Moya Espí, Carlos   |a tr  
999 |c 7990  |d 7990